000 00725cam a22002411 4500
001 ne 63000128
003 DLC
005 20260227111740.0
008 820513s1960 ua a 000 0 eng
010 _ane 63000128
035 _a(OCoLC)16761959
040 _aDLC
_cOrPS
_dDLC
042 _apremarc
043 _af-ua---
050 0 0 _aHC535
_b.A563
110 1 _aEgypt.
_bWizārat al-Iqtiṣād wa-al-Tijārah.
240 0 0 _aTaqaddumunā al-iqtiṣādī.
245 1 0 _aEconomic progress in the U. A. R.
260 _a[Cairo, United Arab Republic,
_bMinistry of Economy, Southern Region,
_c1960?]
300 _a164 p.
_billus.
_c20 cm.
500 _aRomanized.
651 0 _aUnited Arab Republic
_xEconomic conditions.
999 _c45449
_d45449